Hauptstädte mit 7 Buchstaben - Statistiken

Allgemein
  • Dieses Quiz wurde 44 mal gespielt
  • Das Durchschnittsergebnis liegt bei 9 aus 24
Antwortstatistiken
Kontinent Stadt % Korrekt
Europa Brüssel
75%
Europa Tallinn
75%
Europa Belgrad
72%
Südamerika Caracas
67%
Asien Jakarta
67%
Afrika Nairobi
64%
Europa Vilnius
58%
Asien Teheran
47%
Nordamerika Havanna
44%
Asien Bangkok
42%
Afrika Khartum
31%
Asien Nikosia
31%
Nordamerika San José
31%
Afrika Conakry
25%
Ozeanien Honiara
25%
Afrika Kampala
25%
Nordamerika Managua
25%
Asien Thimphu
25%
Asien Jerewan
22%
Afrika São Tomé
22%
Asien Aşgabat
19%
Ozeanien Palikir
17%
Afrika Mbabane
14%
Afrika Cotonou
0%
Keine übereinstimmenden Quizze gefunden
Verteilung der Resultate
Anzahl Personen mit jedem Resultat
Perzentil nach korrekt beantworteten Fragen
Ihre Resultats-Entwicklung
Sie haben dieses Quiz noch nicht gespielt